00230nam a2200073Ia 4500008004100000020000600041100002500047245008400072211105s9999 xx 000 0 und d a" a ROBERTS, Margaret  0aGrowing herbs with Margaret Roberts : a guide to growing herbs in South Africa